|
|
|
|
| LEADER |
01196nam a2200277 a 4500 |
| 001 |
4961169 |
| 008 |
110302s1997 nyua b 001 0 eng d |
| 010 |
|
|
|a 97007692
|
| 020 |
|
|
|a 0070428077
|
| 020 |
|
|
|a 0071154671
|
| 040 |
|
|
|a DLC
|c DLC
|d DLC
|d BD-DhAAL
|
| 082 |
0 |
0 |
|a 006.3/1
|2 21
|
| 100 |
1 |
|
|a Mitchell, Tom M.
|q (Tom Michael),
|d 1951-
|
| 245 |
1 |
0 |
|a Machine Learning /
|c Tom M. Mitchell.
|
| 250 |
|
|
|a International edition.
|
| 260 |
|
|
|a New York :
|b McGraw-Hill,
|c c1997.
|
| 300 |
|
|
|a xvii, 414 p. :
|b ill. ;
|c 25 cm.
|
| 490 |
0 |
|
|a McGraw-Hill series in computer science
|
| 504 |
|
|
|a Includes bibliographical references and indexes.
|
| 541 |
1 |
|
|e 00021998
|
| 650 |
|
0 |
|a Machine learning.
|
| 650 |
|
0 |
|a Computer algorithms.
|
| 852 |
4 |
|
|a Ayesha Abed Library
|j General shelf
|
| 999 |
|
|
|c 10496
|d 10496
|
| 952 |
|
|
|0 0
|1 0
|2 ddc
|4 0
|6 006_310000000000000_MIT
|7 0
|9 14519
|a BRACUL
|b BRACUL
|c GEN
|d 2011-03-02
|e Karim International
|g 1440.00
|l 20
|m 207
|o 006.31 MIT
|p 3010021998
|r 2025-10-26
|s 2025-10-12
|t 1
|w 2011-03-02
|y BK
|
| 952 |
|
|
|0 0
|1 0
|2 ddc
|4 0
|6 006_310000000000000_MIT
|7 0
|9 17812
|a BRACUL
|b BRACUL
|c GEN
|d 2011-08-10
|e Karim International
|g 1440.00
|l 14
|m 166
|o 006.31 MIT
|p 3010015528
|r 2025-09-23
|s 2025-09-18
|t 2
|w 2011-08-10
|y BK
|